00339nam a2200109Ia 4500008004100000020002200041100001900063245006700082260003400149300002600183650002000209200922s9999 xx 000 0 und d a978-971-9811-87-9 aHansen, Don R. cDon R. Hansen, Maryanne M. MowenaCost accounting and control/ aManila:bC&E Publishingc2019 avi, 590 pagesc25 cm. aCost accounting